Football League Trophy Winners - Statistics

General Stats
  • This quiz has been taken 20 times
    15 since last reset
  • The average score is 28 of 34
Answer Stats
Year Winner % Correct
2002 Blackpool
100%
2004 Blackpool
100%
2017 Coventry City
100%
1998 Grimsby Town
100%
1994 Swansea City
100%
2006 Swansea City
100%
1990 Tranmere Rovers
100%
2016 Barnsley
89%
1986 Bristol City
89%
2003 Bristol City
89%
2015 Bristol City
89%
2008 Milton Keynes Dons
89%
2014 Peterborough United
89%
1993 Port Vale
89%
2001 Port Vale
89%
1992 Stoke City
89%
2000 Stoke City
89%
1988 Wolverhampton Wanderers
89%
1989 Bolton Wanderers
78%
1997 Carlisle United
78%
2011 Carlisle United
78%
2013 Crewe Alexandra
78%
2007 Doncaster Rovers
78%
2009 Luton Town
78%
2010 Southampton
78%
2005 Wrexham
78%
1984 AFC Bournemouth
67%
1991 Birmingham City
67%
1995 Birmingham City
67%
2012 Chesterfield
67%
1985 Wigan Athletic
67%
1999 Wigan Athletic
67%
1987 Mansfield Town
56%
1996 Rotherham United
56%
No matching quizzes found
Score Distribution
Percent of People with Each Score
Percentile by Number Answered
Your Score History
You have not taken this quiz since the last reset